000 00672nam a2200253Ia 4500
003 OSt
005 20220928120813.0
006 a|||||r|||| 00| 0
007 ta
008 220927b |||||||| |||| 00| 0 eng d
024 _a38961
037 _cTextual
040 _aSDCL
_cSDCL
_beng
041 _2eng
_aeng
082 _aX61.73'N8, M7
100 _aHorvitz Paul M
_9451249
245 0 _aMonetary policy and the financial system.
250 _a6
260 _aNew
_b#NAME?
_c1987
300 _axii,532p
_ccm.
700 _a Ward Richard A
_9451250
942 _hX61.73'N8, M7
_cTEXL
_2CC
999 _c765335
_d765335